[Event "Ljubljana op 5th"]
[Site "Ljubljana"]
[Date "1994.??.??"]
[Round "?"]
[White "Sermek, Drazen"]
[Black "Zagrebelny, Sergey"]
[Result "0-1"]
[WhiteElo "2520"]
[BlackElo "2510"]
[Annotator "Zagrebelny,S"]
[PlyCount "138"]
[EventDate "1994.06.??"]
[EventType "swiss"]
[EventRounds "9"]
[EventCountry "SLO"]
[SourceTitle "CBM 042"]
[Source "ChessBase"]
[SourceDate "1994.10.01"]
[SourceVersion "1"]
[SourceVersionDate "1994.10.01"]
[SourceQuality "1"]

1. e4 c5 2. c3 d5 3. exd5 Qxd5 4. d4 Nf6 5. Nf3 e6 6. Be3 cxd4 7. cxd4 Nc6 8.
Nc3 Qd6 9. a3 Be7 10. Bd3 O-O 11. Qc2 Bd7 12. Rd1 (12. O-O Rac8 13. Rad1 Rfd8
14. Rfe1 Be8 15. Bc1 h6 16. Qe2 Bf8 17. Bb1 g6 18. Ba2 Bg7 19. h3 Ne7 20. Ne5
Nf5 21. Bf4 Qa6 22. Qxa6 bxa6 23. d5 $14 {Rozentalis,E-Andersson,U/Tilburg/
1993/1-0 (62)}) 12... h6 13. O-O Rfd8 14. Qe2 Bf8 15. Bc1 g6 16. Bb1 Bg7 17.
Rfe1 (17. Ne5 $2 Nxd4 18. Qe3 Nd5 $1 19. Qxd4 (19. Nxd5 Qxe5) 19... Bxe5 20.
Qh4 h5 $17) 17... Be8 18. Ba2 Rac8 19. Nb5 (19. h3 $5) 19... Qf8 20. Nc3 Qd6
21. Ne4 Qe7 22. Ng3 Nd5 $10 23. h4 Na5 $1 $132 {/\ Ba4} 24. Bd2 b6 25. b4 Nc6
$15 (25... Rc2 $2 26. Bb1 Nc3 27. Qd3 $18) 26. Rc1 $2 (26. Qe4 $15) 26... Qb7 (
26... Nxd4 $1 27. Nxd4 Rxc1 28. Rxc1 Bxd4 29. h5 g5 $17) 27. Bb1 Nxd4 28. Nxd4
Bxd4 29. Rxc8 Qxc8 30. Rc1 (30. Bxh6 $6 Nc3 31. Qc2 Ba4 32. Qc1 Nxb1 33. Qxc8
Rxc8 34. Rxb1 Rc2 $19) 30... Qb8 $1 31. Ne4 Qe5 32. Bxh6 f5 $19 33. Bg5 Rb8 34.
Qf3 fxe4 $19 35. Bxe4 Nc3 $1 (35... a5 $5) 36. Bd3 $2 (36. Rxc3 $1 Bxc3 37. Bf4
Qf6 38. Bxb8 $16) 36... Qd6 37. Qg4 Rb7 $2 (37... Bxf2+ 38. Kxf2 Qxd3 39. Qxe6+
Bf7 $19) 38. Bd2 Qe5 $6 39. Re1 Qf6 40. Qxe6+ Qxe6 41. Rxe6 Bf7 42. Rd6 $1 Be5
43. Rc6 Nd5 44. Bxg6 Ne7 45. Bxf7+ Kxf7 46. Rc4 $15 Rd7 47. Bf4 b5 48. Re4 Bb2
49. Re3 Nf5 50. Rh3 Rd1+ 51. Kh2 Rf1 52. Bb8 (52. f3 Bd4 53. g4 Rf2+ 54. Kh1
Ne3 $17) 52... Bd4 53. Rd3 Bxf2 54. Bxa7 Bxh4 55. Rd5 Bg3+ 56. Kh3 Rf4 $1 57.
Rxf5+ Rxf5 58. Kxg3 Ke6 59. Bc5 Rf1 $6 (59... Rg5+ $1 60. Kf3 Kf5 {/\ Rg4-c4-+}
) 60. Kg4 Rf7 61. Kh5 Rf1 62. g4 Ra1 63. Kg6 Rxa3 64. g5 Ra6 65. Bd4 Rd6 66.
Bc5 Rc6 67. Bd4 (67. Bf8 Rc7 68. Bg7 Rc8 69. Kh7 Kf5 70. Bf6 Rc4 $19) (67. Be3
Ke5+ 68. Kf7 Kf5 69. Bd2 Rc7+ 70. Kf8 Rd7 71. Be3 Rd3 72. Bc5 Kxg5 $19) 67...
Rc4 68. Bc5 Rxc5 69. bxc5 b4 (69... b4 70. Kh6 b3 71. g6 b2 72. g7 Kf7 $19) 0-1

[Event "SWE-ch"]
[Site "Linkoping"]
[Date "2001.07.03"]
[Round "3"]
[White "Brynell, Stellan"]
[Black "Cramling, Pia"]
[Result "1/2-1/2"]
[WhiteElo "2462"]
[BlackElo "2492"]
[Annotator "Ziegler,A"]
[PlyCount "31"]
[EventDate "2001.06.30"]
[EventType "tourn"]
[EventRounds "13"]
[EventCountry "SWE"]
[EventCategory "8"]
[SourceTitle "CBM 085"]
[Source "ChessBase"]
[SourceDate "2001.11.13"]
[SourceVersion "1"]
[SourceVersionDate "2001.11.13"]
[SourceQuality "1"]

{Dagens parti?  En feg remi. Jag har så dålig statistik som vit mot Pia. Jag
har förlorat två gånger i c3-varianten.  Hur funkar ditt spel?  Vi har precis
börjat så än så länge går det väl bra. Hur går det i år? Det är väldigt jämnt.
Det är otroligt svårt att säga hur det går. Kanske Barkhagen, Berg eller
Agrest. De verkar hetast.   Personlig målsättning? Jag vet inte. Man hoppas
att man skall vinna, men det är ingen målsättning. Jag spelar lite för många
remier, så jag blir väl femma.  Jag hade som målsättning att gå över 2500 och
det gjorde jag nog när jag vann mot Tom Wedberg i rond 2.  Det är bara att
hoppas att alla ansökningar och sådant går som det skall.  Kommer du kunna
spela bra nu efter detta.  Det tror jag säkert. Jag tror inte att det kommer
att påverka mig alls.  Det måste kännas oerhört skönt. Ett livsmål är uppnått?
Det kan man inte säga, men det är en lättnad. Det har varit irriterande att
jag inte lyckats klara det innan.  Framtiden? Politiken Cup. Bergen kanske.  
Skall du sluta träna ungdomar nu? Nej. Det skall jag inte!  Din ekonomiska
trygghet kommer väl antagligen öka nu? Det är inte det viktigaste. Det
viktigaste är att bli av med det här irritationsmomentet,med normer och
ranking. men det är klart om manskall spela en tävling och få 3000 mer för att
göra samma sak så är det naturligtvis bra.  Vad tycker du om svensk elitschack
idag?  Turneringsutbudet i Sverige är bra. Det arrangeras faktiskt mycket bra
turneringar. Annars vet jag inte. Det kommer inte så många nya spelare. Det är
emanuel som har slagit sig in.  Vad kan vi göra åt saken?  De gamla spelarna
är kanske för bra.  Det kommer juniorer nu tror jag. Det gäller bara att få
dem att fortsätta förbi tröskeln. Pontus Carlsoon och anders Olsson spelar bra.
Men så har det alltid sett ut.  Till den största delen är det upp till de
själva.  Incitimament? -Jag vet inte. Det är upp till var och en. en idé är
att etablerade spelare tar med sig en eller två juniorer med sig till
turneringar. Då kan IMn få lite pengar och juniorerna erfarenhet, Det är visst
tanken med Bergenturneringen i augusti.  De gör så i de baltiska länderna. Det
får inte vara för jobbigt för IMena. Max 2-3 spelare.  Jag har gjort det i
Norge. Jag spelade i Gausdal med det norska kadettlandslaget och kollade på
deras partier mellan ronderna.  Vad tycker du om svenska landslaget?
Landslaget går lite i gamla..Det är Ulf och... inte mycket nytt blod.  Att
spela som du tycker bäst om? -Jag tycker nog om omväxlingen. Jag kan mycket
väl tänka mig att vara ledare i UngdomsVM och även att träna. Men jag tycker
det är kul att spela. Eller det är inte så kul att spela. Det är kul när man
vinner!   Träna själv? Jag tycker det är roligt. Jag tittar på sånt som jag
tycker är kul. En väldigt oseriös träning. Men jag tittar mycket. Jag bara
håller på. Jag är inget för att analysera mina svagheter och sedan jobba med
dem. Ser jag en intressant öppningsbok så köper jag den och läser den och
kanske spelar den också.  Vad kvalitén på spelet? Det är normalt. Ganska tuffa
partier. Många långa partier. Det är många feldrag, som det alltid är. 
Arrangemangen? Helt OK. Man skall inte jämföra med Örebro förra året, för de
hade lite extra, men jämfört med de innan är det utmärkt.   Jag brukar börja
bra. Min statistik i rond ett är fantastisk.  Ungefär samma kvalitet som förra
året. Karlsson och Berg ersätter Ernst och Hellsten.  Vill du framaföra något?
Jag tror att Krossed Out vinner gulddivisionen på lördag.} 1. e4 c5 2. Nf3 e6
3. c3 Nf6 4. e5 Nd5 5. d4 cxd4 6. cxd4 b6 7. Bd3 Ba6 8. Nc3 {Det är nästan
bara Stellan som spelar det här draget.} Bb4 (8... Nxc3 {Har setts tidigare.})
9. Qc2 Nxc3 10. bxc3 Bxd3 11. Qxd3 Be7 {Nu blir det dragomkastning till 8...
Sxc3.} 12. O-O O-O {Gallagher rekommenderar draget och säger att vit får nöja
sig med en minimal fördel.} 13. d5 exd5 (13... d6 14. dxe6 fxe6 15. exd6 Qxd6
16. Qxd6 Bxd6 17. Re1 {Ger vit en liten fördel.}) 14. Qxd5 Nc6 15. Rd1 Qc7 16.
Bf4 {Spelarna har respekt för varandra och bestämmer sig sålunda för en
stormästarremi.} 1/2-1/2

[Event "SWE-ch"]
[Site "Linkoping"]
[Date "2001.07.08"]
[Round "7"]
[White "Carlsson, Pontus"]
[Black "Couso, Luis"]
[Result "1/2-1/2"]
[WhiteElo "2316"]
[BlackElo "2348"]
[Annotator "Ziegler,A"]
[PlyCount "20"]
[EventDate "2001.06.30"]
[EventType "tourn"]
[EventRounds "13"]
[EventCountry "SWE"]
[EventCategory "8"]
[SourceTitle "CBM 085"]
[Source "ChessBase"]
[SourceDate "2001.11.13"]
[SourceVersion "1"]
[SourceVersionDate "2001.11.13"]
[SourceQuality "1"]

1. e4 c5 2. Nf3 e6 3. c3 {Pontus tar det lite försiktigt idag. Han sa att de
två senaste förlusterna var tuffa att bära. En tredje förlust skulle kunna
innebära katastrof. Bättre då att bygga upp sig med en remi mot kompisen Luis.}
Nf6 4. e5 Nd5 5. d4 cxd4 6. cxd4 b6 7. Nc3 Nxc3 8. bxc3 Qc7 9. Bd2 d6 10. Bd3
Nd7 {Robert Ericsson, ordförande i arrangörsklubben LASS mumlade något om
"stormästarbegåvning".} 1/2-1/2